[Event "Hillerod Byturnering D"]
[Site "Hillerod"]
[Date "2016.06.14"]
[Round "6"]
[White "Langer, Peter"]
[Black "Hansen, Hardy"]
[Result "0-1"]
[WhiteElo "1574"]
[BlackElo "1401"]
[PlyCount "102"]
[EventDate "2016.04.26"]
[EventType "tourn"]
[EventRounds "7"]
[EventCountry "DEN"]
[SourceTitle "EXT 2024"]
[Source "ChessBase"]
[SourceDate "2023.10.10"]
[SourceVersion "1"]
[SourceVersionDate "2023.10.10"]
[SourceQuality "1"]

1. d4 d5 2. Bf4 c6 3. Nf3 h6 4. e3 Nf6 5. h3 Bf5 6. Bd3 Ne4 7. 0-0 e6 8. Nbd2 Nd7 9. Ne5 Ndf6 10. f3 Nd6 11. Qe2 Be7 12. e4 dxe4 13. fxe4 Bh7 14. c3 0-0 15. Rae1 g5 16. Bh2 Nde8 17. Ndc4 Rc8 18. Ng4 b5 19. Nce5 Kg7 20. Qd2 Ng8 21. Nf3 f6 22. c4 a5 23. c5 a4 24. a3 h5 25. Ne3 Bg6 26. Rd1 Nh6 27. e5 f5 28. Nc2 Nc7 29. Nb4 Nd5 30. Nxd5 Qxd5 31. Nxg5 Qxd4+ 32. Kh1 Bf7 33. Nxf7 Rxf7 34. Qe2 Rh8 35. Bxf5 Qxd1 36. Qxd1 Nxf5 37. Qf3 h4 38. Qg4+ Kf8 39. Rxf5 Rxf5 40. Qd1 Ke8 41. Bg1 Rhf8 42. Qc2 Rxe5 43. Qg6+ Kd7 44. Bd4 Re1+ 45. Bg1 Rff1 46. Qd3+ Kc7 47. g4 Rxg1+ 48. Kh2 Rh1+ 49. Kg2 Reg1+ 50. Kf2 Bxc5+ 51. Ke2 Rh2+ 0-1

[Event "Hillerod Byturnering D"]
[Site "Hillerod"]
[Date "2016.06.14"]
[Round "7"]
[White "Rabjerg, Hans Rasmus"]
[Black "Langer, Peter"]
[Result "1-0"]
[WhiteElo "1562"]
[BlackElo "1574"]
[PlyCount "43"]
[EventDate "2016.04.26"]
[EventType "tourn"]
[EventRounds "7"]
[EventCountry "DEN"]
[SourceTitle "EXT 2024"]
[Source "ChessBase"]
[SourceDate "2023.10.10"]
[SourceVersion "1"]
[SourceVersionDate "2023.10.10"]
[SourceQuality "1"]

1. e4 c5 2. Nc3 d6 3. f4 e6 4. Nf3 Be7 5. Bc4 a6 6. a3 Nc6 7. d3 Nf6 8. 0-0 0-0 9. Qe1 b5 10. Ba2 Qb6 11. Kh1 Bb7 12. f5 Nd4 13. Nxd4 cxd4 14. Ne2 d5 15. e5 Nh5 16. f6 gxf6 17. Qh4 Qc7 18. Qxh5 f5 19. Bh6 Rfe8 20. Rf3 Bf8 21. Qg5+ Kh8 22. Qf6+ 1-0

[Event "Hillerod CC-ch B"]
[Site "Hillerod"]
[Date "2016.03.15"]
[Round "7"]
[White "Langer, Peter"]
[Black "Gasbjerg, Aksel"]
[Result "0-1"]
[WhiteElo "1624"]
[BlackElo "1681"]
[PlyCount "60"]
[EventDate "2016.01.05"]
[EventType "tourn"]
[EventRounds "9"]
[EventCountry "DEN"]
[SourceTitle "EXT 2024"]
[Source "ChessBase"]
[SourceDate "2023.10.10"]
[SourceVersion "1"]
[SourceVersionDate "2023.10.10"]
[SourceQuality "1"]

1. d4 Nf6 2. Nf3 e6 3. Bf4 b6 4. Nbd2 Ba6 5. e3 Bb7 6. h3 d5 7. Bd3 Be7 8. 0-0 Ne4 9. c4 0-0 10. Rc1 c5 11. cxd5 exd5 12. Ne5 f6 13. Ng4 Nxd2 14. Qxd2 h5 15. Nh2 Nc6 16. Bf5 g5 17. Qe2 Qe8 18. Bc7 cxd4 19. Be6+ Kg7 20. exd4 Nxd4 21. Qe3 Nxe6 22. Qxe6 Bc5 23. Rfe1 Qxe6 24. Rxe6 Rfe8 25. Rce1 Rxe6 26. Rxe6 Kf7 27. Re1 Rc8 28. Be5 fxe5 29. Rxe5 Kf6 30. Nf3 g4 0-1

[Event "Hillerod CC-ch B"]
[Site "Hillerod"]
[Date "2016.01.26"]
[Round "3"]
[White "Langer, Peter"]
[Black "Lavrsen, Frands Winther"]
[Result "0-1"]
[WhiteElo "1624"]
[BlackElo "1806"]
[PlyCount "102"]
[EventDate "2016.01.05"]
[EventType "tourn"]
[EventRounds "9"]
[EventCountry "DEN"]
[SourceTitle "EXT 2024"]
[Source "ChessBase"]
[SourceDate "2023.10.10"]
[SourceVersion "1"]
[SourceVersionDate "2023.10.10"]
[SourceQuality "1"]

1. Nf3 Nc6 2. c4 g6 3. e3 Bg7 4. Be2 Nf6 5. 0-0 0-0 6. d4 d5 7. Nc3 Bf5 8. Qb3 Na5 9. Qa4 c6 10. cxd5 cxd5 11. Bd2 Bd7 12. Bb5 Bxb5 13. Nxb5 Nc4 14. Qb3 Ne4 15. Bc3 a6 16. Na3 b5 17. Nxc4 dxc4 18. Qc2 Qd5 19. Rfd1 a5 20. a3 Rfb8 21. Be1 Rc8 22. Nd2 Nd6 23. Nf3 e6 24. Bc3 Qb7 25. b4 cxb3 26. Qxb3 Rc7 27. Rdc1 a4 28. Qb2 Ne4 29. Bb4 Rac8 30. h3 Rc6 31. Nd2 Nxd2 32. Qxd2 Qc7 33. Rxc6 Qxc6 34. Bc5 e5 35. Qb4 exd4 36. Bxd4 Bf8 37. Qb2 Qc4 38. Rb1 Qc2 39. Qxb5 Bxa3 40. Ra1 Bd6 41. Be5 Bxe5 42. Qxe5 a3 43. Qd5 Rb8 44. Qa2 Rb2 45. Qd5 Rb1+ 46. Rxb1 Qxb1+ 47. Kh2 Qb2 48. Qd8+ Kg7 49. f4 a2 50. e4 a1Q 51. e5 Qa6 0-1

[Event "Hillerod op"]
[Site "Hillerod"]
[Date "2015.10.08"]
[Round "6"]
[White "Hansen, Hardy"]
[Black "Langer, Peter"]
[Result "0-1"]
[WhiteElo "1500"]
[BlackElo "1615"]
[PlyCount "134"]
[EventDate "2015.09.08"]
[EventType "swiss"]
[EventRounds "7"]
[EventCountry "DEN"]
[SourceTitle "EXT 2024"]
[Source "ChessBase"]
[SourceDate "2023.10.10"]
[SourceVersion "1"]
[SourceVersionDate "2023.10.10"]
[SourceQuality "1"]

1. d4 Nf6 2. a3 e6 3. Nf3 b6 4. h3 Bb7 5. Bf4 d6 6. e3 Nbd7 7. Nc3 Be7 8. Be2 0-0 9. 0-0 a6 10. Bd3 c5 11. Qe2 b5 12. b3 Rc8 13. Qe1 Bxf3 14. gxf3 e5 15. dxe5 Nxe5 16. Be2 Qd7 17. Kh2 Qc6 18. Qd1 Rcd8 19. Rg1 Ng6 20. Bg3 d5 21. f4 Ne4 22. Qe1 Nxc3 23. Qxc3 Bf6 24. Qe1 Bxa1 25. Qxa1 f6 26. Bf3 Qe6 27. Qc1 Kh8 28. c3 Ne7 29. Qc2 d4 30. cxd4 cxd4 31. Be4 f5 32. Bd3 Rc8 33. Qb2 Rc3 34. Bc2 Rfc8 35. Bd1 Qf6 36. Re1 Nd5 37. e4 fxe4 38. Rxe4 Rf8 39. Qd2 d3 40. Re5 Rd8 41. Qe1 h6 42. Re8+ Kh7 43. Re6 d2 44. Qe4+ Kg8 45. Rxf6 Nxf6 46. Qe6+ Kh8 47. f5 Rc1 48. Qe2 Rc5 49. Bf4 Rxf5 50. Bxd2 Rfd5 51. Ba5 Rxd1 52. Bxd8 Rxd8 53. Qe6 Rd2 54. Kg2 Rb2 55. h4 a5 56. h5 b4 57. axb4 axb4 58. Qc4 Nxh5 59. Qxb4 Nf6 60. Kf3 Kg8 61. Qc4+ Kf8 62. Qc5+ Kf7 63. b4 Rb3+ 64. Kf4 Rxb4+ 65. Kf5 g6+ 66. Ke5 Nd7+ 67. Kd6 Nxc5 0-1

[Event "Hillerod op"]
[Site "Hillerod"]
[Date "2015.10.02"]
[Round "5"]
[White "Langer, Peter"]
[Black "Christiansen, Torsten Sundgaar"]
[Result "0-1"]
[WhiteElo "1615"]
[BlackElo "1740"]
[PlyCount "96"]
[EventDate "2015.09.08"]
[EventType "swiss"]
[EventRounds "7"]
[EventCountry "DEN"]
[SourceTitle "EXT 2024"]
[Source "ChessBase"]
[SourceDate "2023.10.10"]
[SourceVersion "1"]
[SourceVersionDate "2023.10.10"]
[SourceQuality "1"]

1. d4 Nf6 2. Nf3 g6 3. Bf4 Bg7 4. e3 d5 5. Bd3 0-0 6. 0-0 c6 7. h3 Nbd7 8. Nbd2 c5 9. c3 c4 10. Bc2 b5 11. b4 a5 12. a3 a4 13. e4 dxe4 14. Nxe4 Nh5 15. Bh2 Bb7 16. Re1 h6 17. Qe2 Ra6 18. Rad1 Qa8 19. Ne5 Nhf6 20. Nxf6+ Nxf6 21. f3 Nd5 22. Qd2 Qc8 23. Be4 Re6 24. Re2 f5 25. Bxd5 Bxd5 26. Rde1 g5 27. Rf1 f4 28. Ng4 h5 29. Rxe6 Qxe6 30. Re1 Qd6 31. Ne5 Rf5 32. Qe2 e6 33. Kf2 Qb6 34. Kf1 Qb7 35. Kf2 Kh7 36. Kf1 Bf6 37. Qd2 Kg7 38. Kf2 Qc7 39. Qe2 g4 40. hxg4 Bh4+ 41. g3 fxg3+ 42. Bxg3 Bxg3+ 43. Kxg3 Rxf3+ 44. Kh4 Qe7+ 45. g5 Rf4+ 46. Kxh5 Qe8+ 47. g6 Qh8+ 48. Kg5 Qh6# 0-1

[Event "Hillerod op"]
[Site "Hillerod"]
[Date "2015.09.20"]
[Round "3"]
[White "Langer, Peter"]
[Black "Foss, Kim"]
[Result "1/2-1/2"]
[WhiteElo "1615"]
[BlackElo "1702"]
[PlyCount "53"]
[EventDate "2015.09.08"]
[EventType "swiss"]
[EventRounds "7"]
[EventCountry "DEN"]
[SourceTitle "EXT 2024"]
[Source "ChessBase"]
[SourceDate "2023.10.10"]
[SourceVersion "1"]
[SourceVersionDate "2023.10.10"]
[SourceQuality "1"]

1. d4 Nf6 2. Nf3 d6 3. Bf4 Bg4 4. Nbd2 g6 5. e3 Bg7 6. Bd3 Nbd7 7. h3 Bxf3 8. Nxf3 0-0 9. 0-0 c5 10. c3 Re8 11. Qb3 Qc7 12. Bc4 e6 13. Rad1 Rad8 14. Rfe1 Nb6 15. Nd2 e5 16. dxe5 dxe5 17. Bg3 Nxc4 18. Nxc4 Ne4 19. Rxd8 Rxd8 20. Bh2 Nd2 21. Nxd2 Rxd2 22. Bg3 Qd7 23. Kh2 b6 24. a4 Qd3 25. Ra1 Qe2 26. Rb1 Bh6 27. Qb5 1/2-1/2

[Event "Hillerod op"]
[Site "Hillerod"]
[Date "2015.09.08"]
[Round "1"]
[White "Langer, Peter"]
[Black "Andersen, Ib Hother"]
[Result "1-0"]
[WhiteElo "1615"]
[BlackElo "2142"]
[PlyCount "51"]
[EventDate "2015.09.08"]
[EventType "swiss"]
[EventRounds "7"]
[EventCountry "DEN"]
[SourceTitle "EXT 2024"]
[Source "ChessBase"]
[SourceDate "2023.10.10"]
[SourceVersion "1"]
[SourceVersionDate "2023.10.10"]
[SourceQuality "1"]

1. b3 e5 2. Bb2 Bd6 3. e3 Nf6 4. Be2 0-0 5. d3 c6 6. Nf3 Re8 7. Nbd2 Bc7 8. c4 d5 9. cxd5 cxd5 10. 0-0 Nc6 11. Rc1 Be6 12. a3 Qd6 13. e4 a5 14. Ng5 Bd7 15. Re1 Rac8 16. Bf1 h6 17. Ngf3 Be6 18. g3 Nd7 19. Bg2 dxe4 20. Nxe4 Qd5 21. Rc3 Bg4 22. Qc1 f5 23. Ned2 e4 24. Nh4 g5 25. dxe4 Qxd2 26. Qxd2 1-0

[Event "Prague op-B 14th"]
[Site "Prague"]
[Date "2015.01.10"]
[Round "3"]
[White "Doskar, Miloslav"]
[Black "Langer, Peter"]
[Result "1-0"]
[WhiteElo "1752"]
[BlackElo "1611"]
[PlyCount "55"]
[EventDate "2015.01.09"]
[EventType "swiss"]
[EventRounds "9"]
[EventCountry "CZE"]
[SourceTitle "CBM 164 Extra"]
[Source "ChessBase"]
[SourceDate "2015.03.02"]
[SourceVersion "1"]
[SourceVersionDate "2015.03.02"]
[SourceQuality "1"]

1. d4 Nf6 2. Nf3 d5 3. Bf4 Bf5 4. e3 Nbd7 5. Nbd2 h6 6. h3 e6 7. Ne5 Nxe5 8. Bxe5 Bd6 9. Nf3 0-0 10. Bd3 Re8 11. Bxf5 exf5 12. 0-0 c5 13. Bxd6 Qxd6 14. dxc5 Qxc5 15. Nd4 g6 16. Qd3 Rac8 17. Rad1 a6 18. Rfe1 b5 19. c3 Qb6 20. Qb1 Qc7 21. Rd3 f4 22. Qc1 fxe3 23. Rdxe3 Rxe3 24. Rxe3 Kg7 25. Qe1 Qc4 26. g3 Qc5 27. Re7 Rc7 28. Ne6+ 1-0